|
|
|
|
| LEADER |
01126nam a2200313 a 4500 |
| 001 |
40245 |
| 003 |
BD-DhAAL |
| 005 |
20221222153612.0 |
| 008 |
871209t1987 nyu b 001 0 eng |
| 999 |
|
|
|c 45241
|d 45241
|
| 010 |
|
|
|a 87035955
|
| 020 |
|
|
|a 0688079512 :
|c $7.95
|
| 040 |
|
|
|a DLC
|c DLC
|d DLC
|d BD-DhAAL
|
| 050 |
1 |
0 |
|a HM73
|b .S68 1988
|
| 082 |
0 |
0 |
|a 303.372
|2 21
|
| 100 |
1 |
|
|a Sowell, Thomas,
|d 1930-
|9 53104
|
| 245 |
1 |
2 |
|a A conflict of visions /
|c Thomas Sowell.
|
| 250 |
|
|
|a First Quill edition
|
| 260 |
|
|
|a New York :
|b Quill,
|c c1987.
|
| 300 |
|
|
|a 273 pages ;
|c 23 cm.
|
| 504 |
|
|
|a Includes bibliographical references(p. 233-262) and index.
|
| 541 |
|
|
|a Donated by Akbar Ali Khan
|e 40245
|
| 650 |
|
0 |
|a Social values.
|9 53105
|
| 650 |
|
0 |
|a Ideology.
|9 53106
|
| 650 |
|
0 |
|a Visions.
|9 53107
|
| 650 |
|
0 |
|a Social sciences.
|9 53108
|
| 852 |
|
|
|a Ayesha Abed Library
|c Akbar Ali Khan Collection
|
| 942 |
|
|
|2 ddc
|c BK
|
| 952 |
|
|
|0 0
|1 0
|2 ddc
|4 0
|6 303_372000000000000_SOW
|7 1
|9 72560
|a BRACUL
|b BRACUL
|c AAKC
|d 2022-12-22
|e Donated by Akbar Ali Khan
|g 2220.33
|l 1
|o 303.372 SOW
|p 3010040245
|r 2025-09-15
|s 2025-09-09
|t 1
|v 2220.33
|w 2022-12-22
|y BK
|